000 00421nam a2200181Ia 4500
001 10771
005 20260306161856.0
008 260306t1977||||xx |||||||||||||| ||spa||
041 _aESP
082 _a949.5
_bF52A
100 _aFinley, Moses I.
_eAUT
245 0 _aUso y abuso de la historia
260 _c1977
300 _a336 páginas :
_c20 cm.
650 _aGEN
654 _aCHU
942 _cLIB
_dJUS
_fJUS
_2ddc
_n
999 _c10771
_d10771